000 00700nam a2200217Ia 4500
008 191130s2006##################000#0#eng##
020 _a9780324304558
022 _a2004110303
040 _aACL
_cACL
082 _a650.01513 BRE
100 _aBrechner, Robert A
245 _aContemporary mathematics for business and consumers : brief
_cRobert A. Brechner
250 _a4th ed
260 _aMason, Ohio
_bThomson/South-Western
_cc2006
300 _axxix, 495, [20] p. : ill. ; 28 cm. ; + 1 CD-ROM (4 3/4 in.)
500 _aIncludes index
650 _aBusiness mathematics - Problems, exercises, etc
990 _ac0e8f077ac10000c7a9ef7f8bd6825b1
991 _a357203
999 _c253159
_d253159